La filosofía económica del marxismo

Salvato in:
Dettagli Bibliografici
Autore principale: Utz, Arthur F (Autore)
Natura: Libro
Lingua:spagnolo
Pubblicazione: Barcelona Herder 1984
Serie:Humanum, 3
Soggetti:
Tags: Aggiungi Tag
Nessun Tag, puoi essere il primo ad aggiungerne!!

MARC

LEADER 00000nam a2200000 a 4500
001 UCT8014
003 CL-VaPUC
008 970317e19840000SP |||||||||||||||||spa|d
082 0 4 |a 335.412  |b UTZ  |2 21 
100 0 |a Utz, Arthur F  |e author  |9 379445 
245 1 3 |a La filosofía económica del marxismo 
300 |a 156 p 
600 0 |a Marx, Karl Heinrich,  |d 1818-1883  |9 861123 
942 |c BK 
945 |d 19970317 00:00:00  |a paguirre 
260 |a Barcelona  |b Herder  |c 1984 
650 7 |a MARXISMO  |2 CL-VaPUC  |9 379446 
650 7 |a DOCTRINAS ECONOMICAS  |2 CL-VaPUC  |9 346455 
650 7 |a COLECTIVISMO  |2 CL-VaPUC  |9 255685 
650 7 |a ECONOMIA COLECTIVISTA  |2 CL-VaPUC  |9 357332 
650 0 |a Socialismo  |9 255260 
650 0 |a Capitalismo  |9 255255 
583 |a last modification  |c 19970317 00:00:00  |k Rodrigo Vera 
490 0 |a Humanum, 3 
999 |c 256551  |d 256549 
952 |0 0  |1 0  |4 0  |6 335_412000000000000_UTZ_1984  |7 0  |8 A  |9 279342  |a BIBDER  |b BIBDER  |d 2019-11-19  |i 1811819  |o 335.412 UTZ 1984  |p 1811819  |r 2023-01-25  |w 2019-11-19  |y BK  |k DER